| 000 -CABECERA |
| fixed length control field |
01033nam a22002297a 4500 |
| 003 - IDENTIFICADOR DEL NÚMERO DE CONTROL |
| control field |
AR-CdUCM |
| 008 - DATOS DE LONGITUD FIJA--INFORMACIÓN GENERAL |
| fixed length control field |
190320b ||||| |||| 00| 0 spa d |
| 040 ## - FUENTE DE LA CATALOGACIÓN |
| Agencia/entidad que catalogó originalmente la obra |
MUNICIPALIDAD PROVINCIAL DEL CUSCO |
| Entidad que transcribió la catalogación |
BIBLIOTECA MUNICIPAL DEL CUSCO |
| 082 ## - NÚMERO DE LA CLASIFICACIÓN DECIMAL DEWEY |
| No. de Clasificación |
302.2 / |
| Notacion interna |
AL41 |
| 100 ## - ENTRADA PRINCIPAL--NOMBRE DE PERSONA |
| Nombre Personal |
Alfaro Moreno, Rosa María |
| 245 ## - MENCIÓN DE TÍTULO |
| Título |
Otra brújula : |
| Resto del título |
innovaciones en comunicación y desarrollo / |
| 260 ## - PUBLICACIÓN, DISTRIBUCIÓN, ETC. |
| Lugar de publicación, distribución, etc. |
Lima : |
| Nombre de la editorial, distribuidor, etc. |
Asociación de Comunicadores Sociales Calandria, |
| Fecha de publicación, distribución, etc. |
2006. |
| 300 ## - DESCRIPCIÓN FÍSICA |
| Nº de Páginas Extensión |
318 páginas ; |
| Dimensiones |
21 cm. |
| 505 ## - NOTA DE CONTENIDO CON FORMATO |
| Nota de contenido formateada |
Contenido: Sentidos y ubicaciones de la comunicación en el desarrollo -- Aprendizajes desde la práctica -- Latinoamérica diversa y creativa ... |
| 650 ## - PUNTO DE ACCESO ADICIONAL DE MATERIA--TÉRMINO DE MATERIA |
| Descriptor |
Comunicación - Perú |
| 9 (RLIN) |
21135 |
| 650 ## - PUNTO DE ACCESO ADICIONAL DE MATERIA--TÉRMINO DE MATERIA |
| Descriptor |
Comunicación en el desarrollo comunitario - Perú. |
| 9 (RLIN) |
21136 |
| 650 ## - PUNTO DE ACCESO ADICIONAL DE MATERIA--TÉRMINO DE MATERIA |
| Descriptor |
Desarrollo y cambio - Perú |
| 9 (RLIN) |
21137 |
| 650 ## - PUNTO DE ACCESO ADICIONAL DE MATERIA--TÉRMINO DE MATERIA |
| Descriptor |
Medios de comunicación de masas - Aspectos sociales - Perú |
| 9 (RLIN) |
21138 |
| 710 ## - PUNTO DE ACCESO ADICIONAL--NOMBRE DE ENTIDAD CORPORATIVA |
| Nombre corporativo (En letras Mayúsculas) |
Asociación de Comunicadores Sociales Calandria |
| 9 (RLIN) |
21139 |
| 942 ## - ELEMENTOS DE PUNTO DE ACCESO ADICIONAL (KOHA) |
| Fuente de clasificación |
|
| Tipo de item |
Libros-BMC |
| 945 ## - PROCESAMIENTO DE INFORMACIÓN LOCAL (OCLC) |
| Catalogador |
lccs |